|
|
|
|
| LEADER |
00000caa a2200000 a 4500 |
| 001 |
vtls010252897 |
| 003 |
SK-MaSNL |
| 005 |
20260319074741.0 |
| 008 |
110302s2005 xo o e 000 0 ger |
| 015 |
|
|
|a SNBRA2006/03
|
| 035 |
|
|
|a SVKKK000058504
|
| 038 |
|
|
|a SVKKK
|
| 040 |
|
|
|a SVKKK
|b slo
|c SVKKK
|e AACR2
|
| 041 |
0 |
|
|a ger
|
| 044 |
|
|
|a xo
|c SK
|
| 080 |
|
|
|a 282
|2 1997
|
| 080 |
|
|
|a 94(437.6)
|2 1997
|
| 100 |
1 |
|
|a Chalupecký, Ivan,
|d 1932-2020
|4 aut
|9 199754
|
| 245 |
1 |
4 |
|a Die katholische Kirche in der Slowakei im Untergrund und in der Verfolgung
|c Ivan Chalupecký
|
| 650 |
0 |
7 |
|a cirkev katolícka
|x prenasledovanie štátnou mocou
|x dejiny
|y od r. 1945
|z Slovensko
|2 snkbucl
|9 835571
|
| 773 |
0 |
|
|t Karpatenjahrbuch 2006
|d Kežmarok : ViViT s.r.o., 2005
|z 80-88903-78-5
|g Roč. 57, s. 68-81
|q 57
|
| 852 |
|
|
|a SVKKK
|b BIB
|
| 958 |
|
|
|a SK
|
| 999 |
|
|
|c 1349413
|d 1351343
|